000 01120nam a22003257a 4500
001 0074
003 DO-SdBNP
005 20171113105949.0
007 0074
008 150930b cl 2008 xxu||||| |||| 00| 0 spa d
020 _a9789586773713
040 _aBPMSU
_bspa
_cBPMSU
082 4 _aR 796.03
_bD422s
245 0 0 _aDeporte y salud familiar /
_ceditor Gustavo de Elorza Martínez ; direccion editorial Fabio Rodríguez; compilación de textos Fabio Rodríguez ... [et al].
260 _aBogotá :
_bZamora,
_c2008
300 _a4v. :
_bil. ; + CD-ROM
_c26 cm.
505 0 _gv. 1 :
_tDeporte y tiempo libre.
_gv. 2 :
_tHistoria y técnica deportiva.
_gv. 3 :
_tDisciplina deportiva.
_gv. 4 :
_tGimnasia para la vida.
650 _aDEPORTES
650 _aDEPORTES
_xHISTORIA
650 _aNUTRICIÓN
650 _aGIMNASIA
650 _aSALUD
700 1 0 _aElorza Martínez, Gustavo de,
_eed.
700 1 0 _aRodríguez P., Fabio,
_edir.
710 _aRodríguez, Fábio.
_ecomp.
942 _2ddc
_cBK
945 _aInventariado, 2017/MFF
956 _aBrenda Tavárez
956 _aValidado. Control de calidad MFF
999 _c8312
_d8312